MARC details
| 000 -CABECERA |
| campo de control de longitud fija |
01698cam a2200397 a 4500 |
| 001 - NÚMERO DE CONTROL |
| campo de control |
000014513 |
| 003 - IDENTIFICADOR DEL NÚMERO DE CONTROL |
| campo de control |
DO-SdBNP |
| 005 - FECHA Y HORA DE LA ÚLTIMA TRANSACCIÓN |
| campo de control |
20251027100250.0 |
| 008 - DATOS DE LONGITUD FIJA--INFORMACIÓN GENERAL |
| campo de control de longitud fija |
990604s2000 mx a b 100 0 spa d |
| 020 ## - NÚMERO INTERNACIONAL ESTÁNDAR DEL LIBRO |
| Número Internacional Estándar del Libro |
9686075763 |
| 035 ## - NÚMERO DE CONTROL DEL SISTEMA |
| Número de control de sistema |
(OCoLC)ocm41486403 |
| 040 ## - FUENTE DE LA CATALOGACIÓN |
| Centro catalogador/agencia de origen |
DO-SdBNP |
| Centro/agencia transcriptor |
LOL |
| Centro/agencia modificador |
OCL |
| -- |
DLC |
| 042 ## - CÓDIGO DE AUTENTICACIÓN |
| Código de autenticación |
lccopycat |
| 043 ## - CÓDIGO DE ÁREA GEOGRÁFICA |
| Código de área geográfica |
cl----- |
| 049 ## - FONDOS LOCALES (OCLC) |
| Fondos de biblioteca |
BNGR |
| 082 ## - NÚMERO DE LA CLASIFICACIÓN DECIMAL DEWEY |
| Número de clasificación |
325.2098 |
| Número de documento/Ítem |
M636, 2000 |
| 245 00 - MENCIÓN DE TÍTULO |
| Título |
Migración y fronteras / |
| Mención de responsabilidad, etc. |
coordinadores ; Alfredo Lattes, Jorge Santibáñez, Manuel Ángel Castillo ; edición Juan de Dios Barajas Cárdenas. |
| 250 ## - MENCIÓN DE EDICIÓN |
| Mención de edición |
2a ed. |
| 260 ## - PUBLICACIÓN, DISTRIBUCIÓN, ETC. |
| Lugar de publicación, distribución, etc. |
Tijuana, B.C. : |
| Nombre del editor, distribuidor, etc. |
El Colegio de la Frontera Norte ; Asociación Latinoamericana de Sociología ; El Colegio de México, |
| Fecha de publicación, distribución, etc. |
2000. |
| 300 ## - DESCRIPCIÓN FÍSICA |
| Extensión |
517 p. : |
| Otras características físicas |
il. ; |
| Dimensiones |
23 cm. |
| 490 1# - MENCIÓN DE SERIE |
| Mención de serie |
México norte |
| 500 ## - NOTA GENERAL |
| Nota general |
Selección de trabajos presentados en el XX Congreso de la Asociación Latinoamericana de Sociología, Realizado del 1-6, 1995. |
| 504 ## - NOTA DE BIBLIOGRAFÍA, ETC. |
| Nota de bibliografía, etc. |
Incluye referencias bibliográficas. |
| 651 #4 - PUNTO DE ACCESO ADICIONAL DE MATERIA--NOMBRE GEOGRÁFICO |
| Nombre geográfico |
América Latina |
| Subdivisión general |
Emigración e inmigración |
| Subdivisión de forma |
Congresos |
| 9 (RLIN) |
32784 |
| 651 #0 - PUNTO DE ACCESO ADICIONAL DE MATERIA--NOMBRE GEOGRÁFICO |
| Nombre geográfico |
Caribe (Región) |
| Subdivisión general |
Emigración e inmigración |
| Subdivisión de forma |
Congresos |
| 9 (RLIN) |
87401 |
| 651 #4 - PUNTO DE ACCESO ADICIONAL DE MATERIA--NOMBRE GEOGRÁFICO |
| Nombre geográfico |
México |
| Subdivisión general |
Emigración e inmigración |
| Subdivisión de forma |
Congresos |
| 9 (RLIN) |
32786 |
| 651 #4 - PUNTO DE ACCESO ADICIONAL DE MATERIA--NOMBRE GEOGRÁFICO |
| Nombre geográfico |
Estados Unidos |
| Subdivisión general |
Emigración e inmigración |
| Subdivisión de forma |
Congresos |
| 9 (RLIN) |
32787 |
| 700 1# - PUNTO DE ACCESO ADICIONAL--NOMBRE DE PERSONA |
| Nombre de persona |
Castillo, Manuel Ángel. |
| 9 (RLIN) |
32788 |
| 700 1# - PUNTO DE ACCESO ADICIONAL--NOMBRE DE PERSONA |
| Nombre de persona |
Santibáñez, Jorge. |
| 9 (RLIN) |
32789 |
| 700 1# - PUNTO DE ACCESO ADICIONAL--NOMBRE DE PERSONA |
| Nombre de persona |
Lattes, Alfredo E. |
| 9 (RLIN) |
32790 |
| 700 1# - PUNTO DE ACCESO ADICIONAL--NOMBRE DE PERSONA |
| Nombre de persona |
Barajas Cárdenas, Juan de Dios |
| Término indicativo de función/relación |
ed. |
| 9 (RLIN) |
32791 |
| 710 2# - PUNTO DE ACCESO ADICIONAL--NOMBRE DE ENTIDAD CORPORATIVA |
| Nombre de entidad corporativa o nombre de jurisdicción como elemento de entrada |
Asociacion Latinoamericana de Sociologia. |
| Unidad subordinada |
Congreso |
| Número del congreso/reunión o número de parte o sección |
(20th : |
| Fecha del congreso/reunión o de la firma de un tratado |
1995 : |
| Sede del congreso/Lugar de la reunión |
Mexico City, Mexico) |
| 9 (RLIN) |
32792 |
| 830 #0 - PUNTO DE ACCESO ADICIONAL DE SERIE-TÍTULO UNIFORME |
| Título uniforme |
México norte ; |
| 9 (RLIN) |
32793 |
| 910 ## - DATOS DE OPCIÓN DEL USUARIO (OCLC) |
| Datos de opción del usuario |
Catalogación derivada |
| 942 ## - ELEMENTOS DE PUNTO DE ACCESO ADICIONAL (KOHA) |
| Fuente del sistema de clasificación o colocación |
Dewey Decimal Classification |
| Tipo de ítem Koha |
Libro |